000 00993nas a2200289 4500
001 BR9802514
003 BR-BrBNA
005 20231205100745.0
007 ta
008 230509b bl.|||p| |||| 00| 00por d
040 _aBR-BrBNA
_bpor
_cBiblioteca Nacional de Agricultura
041 _a(Pt)
072 _aJ11
100 1 _aBotrel, N.
100 1 _aCarvalho, V. D. de
100 1 _aLima, P.C.
111 1 _a11. Congresso Brasileiro de Fruticultura
_cCruz das Almas, BA (Brazil)
_d1991
245 1 _aVariacoes incidencia de escurecimento interno e nos teores de acido ascorbico e vitamina C total de frutos de abacaxi "Smooth Cayenne"
650 _aAbacaxi
650 _aArmazenamento de Alimento
650 _aCondicao Ambiental
650 _aAnalise de Alimento
650 _aVitamina C
773 0 _tRevista Brasileira de Fruticultura (Brazil)
_xISSN 0100-2945
_g(Oct 1991), v. 13(3) p. 151-156
_wBR9802514
909 _a202311
_bLúcia
_c55
_dLúcia Elande
942 _2AGRIS
_n0
_cANA
999 _c157891
_d157891